<?xml version="1.0" encoding="UTF-8"?>
<collection xmlns="http://www.loc.gov/MARC21/slim">
 <record>
  <leader>17212nas a22020771  4500</leader>
  <controlfield tag="001">1/50538</controlfield>
  <controlfield tag="008">130201c19669999xxumxzp       0   a0eng d</controlfield>
  <datafield tag="022" ind1=" " ind2=" ">
   <subfield code="a">0099-0086</subfield>
  </datafield>
  <datafield tag="035" ind1=" " ind2=" ">
   <subfield code="l">46099</subfield>
  </datafield>
  <datafield tag="090" ind1=" " ind2=" ">
   <subfield code="a">Αλφαβητική σειρά</subfield>
  </datafield>
  <datafield tag="245" ind1="0" ind2="0">
   <subfield code="a">College &amp; Research Libraries News.</subfield>
  </datafield>
  <datafield tag="246" ind1="1" ind2="2">
   <subfield code="a">College and Research Libraries News.</subfield>
  </datafield>
  <datafield tag="260" ind1=" " ind2=" ">
   <subfield code="a">United States :</subfield>
   <subfield code="b">Association of College and Research Libraries,</subfield>
   <subfield code="c">1966-.</subfield>
  </datafield>
  <datafield tag="300" ind1=" " ind2=" ">
   <subfield code="a">v. :</subfield>
   <subfield code="b">ill. ;</subfield>
   <subfield code="c">23 cm.</subfield>
  </datafield>
  <datafield tag="310" ind1=" " ind2=" ">
   <subfield code="a">11 times a year.</subfield>
  </datafield>
  <datafield tag="362" ind1="0" ind2=" ">
   <subfield code="a">Vol.72, no.9(October 2011)-</subfield>
  </datafield>
  <datafield tag="546" ind1=" " ind2=" ">
   <subfield code="a">English.</subfield>
  </datafield>
  <datafield tag="650" ind1=" " ind2="4">
   <subfield code="a">Library and information science.</subfield>
  </datafield>
  <datafield tag="852" ind1=" " ind2=" ">
   <subfield code="a">INST</subfield>
   <subfield code="b">UNIPILB</subfield>
   <subfield code="c">SERIALS</subfield>
   <subfield code="e">20130201</subfield>
   <subfield code="h">Αλφαβητική σειρά</subfield>
   <subfield code="p">77702</subfield>
   <subfield code="q">77702</subfield>
   <subfield code="t">NOLOAN</subfield>
   <subfield code="v">vol.72;no.9:(Μήνας)October;(Έτος)2011</subfield>
   <subfield code="y">23</subfield>
  </datafield>
  <datafield tag="852" ind1=" " ind2=" ">
   <subfield code="a">INST</subfield>
   <subfield code="b">UNIPILB</subfield>
   <subfield code="c">SERIALS</subfield>
   <subfield code="e">20130201</subfield>
   <subfield code="h">Αλφαβητική σειρά</subfield>
   <subfield code="p">77703</subfield>
   <subfield code="q">77703</subfield>
   <subfield code="t">NOLOAN</subfield>
   <subfield code="v">vol.72;no.10:(Μήνας)November;(Έτος)2011</subfield>
   <subfield code="y">23</subfield>
  </datafield>
  <datafield tag="852" ind1=" " ind2=" ">
   <subfield code="a">INST</subfield>
   <subfield code="b">UNIPILB</subfield>
   <subfield code="c">SERIALS</subfield>
   <subfield code="e">20130201</subfield>
   <subfield code="h">Αλφαβητική σειρά</subfield>
   <subfield code="p">77704</subfield>
   <subfield code="q">77704</subfield>
   <subfield code="t">NOLOAN</subfield>
   <subfield code="v">vol.72;no.11:(Μήνας)December;(Έτος)2011</subfield>
   <subfield code="y">23</subfield>
  </datafield>
  <datafield tag="852" ind1=" " ind2=" ">
   <subfield code="a">INST</subfield>
   <subfield code="b">UNIPILB</subfield>
   <subfield code="c">SERIALS</subfield>
   <subfield code="e">20130201</subfield>
   <subfield code="h">Αλφαβητική σειρά</subfield>
   <subfield code="p">77705</subfield>
   <subfield code="q">77705</subfield>
   <subfield code="t">NOLOAN</subfield>
   <subfield code="v">vol.73;no.1:(Μήνας)January;(Έτος)2012</subfield>
   <subfield code="y">23</subfield>
  </datafield>
  <datafield tag="852" ind1=" " ind2=" ">
   <subfield code="a">INST</subfield>
   <subfield code="b">UNIPILB</subfield>
   <subfield code="c">SERIALS</subfield>
   <subfield code="e">20130201</subfield>
   <subfield code="h">Αλφαβητική σειρά</subfield>
   <subfield code="p">77706</subfield>
   <subfield code="q">77706</subfield>
   <subfield code="t">NOLOAN</subfield>
   <subfield code="v">vol.73;no.2:(Μήνας)February;(Έτος)2012</subfield>
   <subfield code="y">23</subfield>
  </datafield>
  <datafield tag="852" ind1=" " ind2=" ">
   <subfield code="a">INST</subfield>
   <subfield code="b">UNIPILB</subfield>
   <subfield code="c">SERIALS</subfield>
   <subfield code="e">20130201</subfield>
   <subfield code="h">Αλφαβητική σειρά</subfield>
   <subfield code="p">77707</subfield>
   <subfield code="q">77707</subfield>
   <subfield code="t">NOLOAN</subfield>
   <subfield code="v">vol.73;no.3:(Μήνας)March;(Έτος)2012</subfield>
   <subfield code="y">23</subfield>
  </datafield>
  <datafield tag="852" ind1=" " ind2=" ">
   <subfield code="a">INST</subfield>
   <subfield code="b">UNIPILB</subfield>
   <subfield code="c">SERIALS</subfield>
   <subfield code="e">20130201</subfield>
   <subfield code="h">Αλφαβητική σειρά</subfield>
   <subfield code="p">77708</subfield>
   <subfield code="q">77708</subfield>
   <subfield code="t">NOLOAN</subfield>
   <subfield code="v">vol.73;no.4:(Μήνας)April;(Έτος)2012</subfield>
   <subfield code="y">23</subfield>
  </datafield>
  <datafield tag="852" ind1=" " ind2=" ">
   <subfield code="a">INST</subfield>
   <subfield code="b">UNIPILB</subfield>
   <subfield code="c">SERIALS</subfield>
   <subfield code="e">20130201</subfield>
   <subfield code="h">Αλφαβητική σειρά</subfield>
   <subfield code="p">77709</subfield>
   <subfield code="q">77709</subfield>
   <subfield code="t">NOLOAN</subfield>
   <subfield code="v">vol.73;no.5:(Μήνας)May;(Έτος)2012</subfield>
   <subfield code="y">23</subfield>
  </datafield>
  <datafield tag="852" ind1=" " ind2=" ">
   <subfield code="a">INST</subfield>
   <subfield code="b">UNIPILB</subfield>
   <subfield code="c">SERIALS</subfield>
   <subfield code="e">20130201</subfield>
   <subfield code="h">Αλφαβητική σειρά</subfield>
   <subfield code="p">77710</subfield>
   <subfield code="q">77710</subfield>
   <subfield code="t">NOLOAN</subfield>
   <subfield code="v">vol.73;no.6:(Μήνας)June;(Έτος)2012</subfield>
   <subfield code="y">23</subfield>
  </datafield>
  <datafield tag="852" ind1=" " ind2=" ">
   <subfield code="a">INST</subfield>
   <subfield code="b">UNIPILB</subfield>
   <subfield code="c">SERIALS</subfield>
   <subfield code="e">20130201</subfield>
   <subfield code="h">Αλφαβητική σειρά</subfield>
   <subfield code="p">77711</subfield>
   <subfield code="q">77711</subfield>
   <subfield code="t">NOLOAN</subfield>
   <subfield code="v">vol.73;no.7:(Μήνες)Jul./Aug.;(Έτος)2012</subfield>
   <subfield code="y">23</subfield>
  </datafield>
  <datafield tag="852" ind1=" " ind2=" ">
   <subfield code="a">INST</subfield>
   <subfield code="b">UNIPILB</subfield>
   <subfield code="c">SERIALS</subfield>
   <subfield code="e">20130201</subfield>
   <subfield code="h">Αλφαβητική σειρά</subfield>
   <subfield code="p">77712</subfield>
   <subfield code="q">77712</subfield>
   <subfield code="t">NOLOAN</subfield>
   <subfield code="v">vol.73;no.8:(Μήνας)September;(Έτος)2012</subfield>
   <subfield code="y">23</subfield>
  </datafield>
  <datafield tag="852" ind1=" " ind2=" ">
   <subfield code="a">INST</subfield>
   <subfield code="b">UNIPILB</subfield>
   <subfield code="c">SERIALS</subfield>
   <subfield code="e">20130201</subfield>
   <subfield code="h">Αλφαβητική σειρά</subfield>
   <subfield code="p">77713</subfield>
   <subfield code="q">77713</subfield>
   <subfield code="t">NOLOAN</subfield>
   <subfield code="v">vol.73;no.11:(Μήνας)December;(Έτος)2012</subfield>
   <subfield code="y">23</subfield>
  </datafield>
  <datafield tag="852" ind1=" " ind2=" ">
   <subfield code="a">INST</subfield>
   <subfield code="b">UNIPILB</subfield>
   <subfield code="c">SERIALS</subfield>
   <subfield code="e">20130201</subfield>
   <subfield code="h">Αλφαβητική σειρά</subfield>
   <subfield code="p">77714</subfield>
   <subfield code="q">77714</subfield>
   <subfield code="t">NOLOAN</subfield>
   <subfield code="v">vol.74;no.1:(Μήνας)January;(Έτος)2013</subfield>
   <subfield code="y">23</subfield>
  </datafield>
  <datafield tag="852" ind1=" " ind2=" ">
   <subfield code="a">INST</subfield>
   <subfield code="b">UNIPILB</subfield>
   <subfield code="c">SERIALS</subfield>
   <subfield code="e">20130201</subfield>
   <subfield code="h">Αλφαβητική σειρά</subfield>
   <subfield code="p">77725</subfield>
   <subfield code="q">77725</subfield>
   <subfield code="t">NOLOAN</subfield>
   <subfield code="v">vol.72;no.8:(Μήνας)September;(Έτος)2011</subfield>
   <subfield code="y">23</subfield>
  </datafield>
  <datafield tag="852" ind1=" " ind2=" ">
   <subfield code="a">INST</subfield>
   <subfield code="b">UNIPILB</subfield>
   <subfield code="c">SERIALS</subfield>
   <subfield code="e">20130228</subfield>
   <subfield code="h">Αλφαβητική σειρά</subfield>
   <subfield code="p">78244</subfield>
   <subfield code="q">78244</subfield>
   <subfield code="t">NOLOAN</subfield>
   <subfield code="v">vol.74;no.2:(Μήνας)February;(Έτος)2013</subfield>
   <subfield code="y">23</subfield>
  </datafield>
  <datafield tag="852" ind1=" " ind2=" ">
   <subfield code="a">INST</subfield>
   <subfield code="b">UNIPILB</subfield>
   <subfield code="c">SERIALS</subfield>
   <subfield code="e">20130328</subfield>
   <subfield code="h">Αλφαβητική σειρά</subfield>
   <subfield code="p">78606</subfield>
   <subfield code="q">78606</subfield>
   <subfield code="t">NOLOAN</subfield>
   <subfield code="v">vol.74;no.3:(Μήνας)March;(Έτος)2013</subfield>
   <subfield code="y">23</subfield>
  </datafield>
  <datafield tag="852" ind1=" " ind2=" ">
   <subfield code="a">INST</subfield>
   <subfield code="b">UNIPILB</subfield>
   <subfield code="c">SERIALS</subfield>
   <subfield code="e">20130411</subfield>
   <subfield code="h">Αλφαβητική σειρά</subfield>
   <subfield code="p">78957</subfield>
   <subfield code="q">78957</subfield>
   <subfield code="t">NOLOAN</subfield>
   <subfield code="v">vol.74;no.4:(Μήνας)April;(Έτος)2013</subfield>
   <subfield code="y">23</subfield>
  </datafield>
  <datafield tag="852" ind1=" " ind2=" ">
   <subfield code="a">INST</subfield>
   <subfield code="b">UNIPILB</subfield>
   <subfield code="c">SERIALS</subfield>
   <subfield code="e">20130611</subfield>
   <subfield code="h">Αλφαβητική σειρά</subfield>
   <subfield code="p">80026</subfield>
   <subfield code="q">80026</subfield>
   <subfield code="t">NOLOAN</subfield>
   <subfield code="v">vol.74;no.5:(Μήνας)May;(Έτος)2013</subfield>
   <subfield code="y">23</subfield>
  </datafield>
  <datafield tag="852" ind1=" " ind2=" ">
   <subfield code="a">INST</subfield>
   <subfield code="b">UNIPILB</subfield>
   <subfield code="c">SERIALS</subfield>
   <subfield code="e">20130702</subfield>
   <subfield code="h">Αλφαβητική σειρά</subfield>
   <subfield code="p">80218</subfield>
   <subfield code="q">80218</subfield>
   <subfield code="t">NOLOAN</subfield>
   <subfield code="v">vol.74;no.6:(Μήνας)June;(Έτος)2013</subfield>
   <subfield code="y">23</subfield>
  </datafield>
  <datafield tag="852" ind1=" " ind2=" ">
   <subfield code="a">INST</subfield>
   <subfield code="b">UNIPILB</subfield>
   <subfield code="c">SERIALS</subfield>
   <subfield code="e">20130909</subfield>
   <subfield code="h">Αλφαβητική σειρά</subfield>
   <subfield code="p">80841</subfield>
   <subfield code="q">80841</subfield>
   <subfield code="t">NOLOAN</subfield>
   <subfield code="v">vol.74;no.7:(Μήνας)July;(Έτος)2013</subfield>
   <subfield code="y">23</subfield>
  </datafield>
  <datafield tag="852" ind1=" " ind2=" ">
   <subfield code="a">INST</subfield>
   <subfield code="b">UNIPILB</subfield>
   <subfield code="c">SERIALS</subfield>
   <subfield code="e">20131014</subfield>
   <subfield code="h">Αλφαβητική σειρά</subfield>
   <subfield code="p">81066</subfield>
   <subfield code="q">81066</subfield>
   <subfield code="t">NOLOAN</subfield>
   <subfield code="v">vol.74;no.8:(Μήνας)September;(Έτος)2013</subfield>
   <subfield code="y">23</subfield>
  </datafield>
  <datafield tag="852" ind1=" " ind2=" ">
   <subfield code="a">INST</subfield>
   <subfield code="b">UNIPILB</subfield>
   <subfield code="c">SERIALS</subfield>
   <subfield code="e">20131108</subfield>
   <subfield code="h">Αλφαβητική σειρά</subfield>
   <subfield code="p">81292</subfield>
   <subfield code="q">81292</subfield>
   <subfield code="t">NOLOAN</subfield>
   <subfield code="v">vol.74;no.9:(Μήνας)October;(Έτος)2013</subfield>
   <subfield code="y">23</subfield>
  </datafield>
  <datafield tag="852" ind1=" " ind2=" ">
   <subfield code="a">INST</subfield>
   <subfield code="b">UNIPILB</subfield>
   <subfield code="c">SERIALS</subfield>
   <subfield code="e">20131121</subfield>
   <subfield code="h">Αλφαβητική σειρά</subfield>
   <subfield code="p">81435</subfield>
   <subfield code="q">81435</subfield>
   <subfield code="t">NOLOAN</subfield>
   <subfield code="v">vol.74;no.10:(Μήνας)November;(Έτος)2013</subfield>
   <subfield code="y">23</subfield>
  </datafield>
  <datafield tag="852" ind1=" " ind2=" ">
   <subfield code="a">INST</subfield>
   <subfield code="b">UNIPILB</subfield>
   <subfield code="c">SERIALS</subfield>
   <subfield code="e">20140128</subfield>
   <subfield code="h">Αλφαβητική σειρά</subfield>
   <subfield code="p">81952</subfield>
   <subfield code="q">81952</subfield>
   <subfield code="t">NOLOAN</subfield>
   <subfield code="v">vol.74;no.11:(Μήνας)December;(Έτος)2013</subfield>
   <subfield code="y">23</subfield>
  </datafield>
  <datafield tag="852" ind1=" " ind2=" ">
   <subfield code="a">INST</subfield>
   <subfield code="b">UNIPILB</subfield>
   <subfield code="c">SERIALS</subfield>
   <subfield code="e">20140214</subfield>
   <subfield code="h">Αλφαβητική σειρά</subfield>
   <subfield code="p">82067</subfield>
   <subfield code="q">82067</subfield>
   <subfield code="t">NOLOAN</subfield>
   <subfield code="v">vol.75;no.1:(Μήνας)January;(Έτος)2014</subfield>
   <subfield code="y">23</subfield>
  </datafield>
  <datafield tag="852" ind1=" " ind2=" ">
   <subfield code="a">INST</subfield>
   <subfield code="b">UNIPILB</subfield>
   <subfield code="c">SERIALS</subfield>
   <subfield code="e">20140304</subfield>
   <subfield code="h">Αλφαβητική σειρά</subfield>
   <subfield code="p">82231</subfield>
   <subfield code="q">82231</subfield>
   <subfield code="t">NOLOAN</subfield>
   <subfield code="v">vol.75;no.2:(Μήνας)February;(Έτος)2014</subfield>
   <subfield code="y">23</subfield>
  </datafield>
  <datafield tag="852" ind1=" " ind2=" ">
   <subfield code="a">INST</subfield>
   <subfield code="b">UNIPILB</subfield>
   <subfield code="c">SERIALS</subfield>
   <subfield code="e">20140512</subfield>
   <subfield code="h">Αλφαβητική σειρά</subfield>
   <subfield code="p">83112</subfield>
   <subfield code="q">83112</subfield>
   <subfield code="t">NOLOAN</subfield>
   <subfield code="v">vol.75;no.3:(Μήνας)April;(Έτος)2014</subfield>
   <subfield code="y">23</subfield>
  </datafield>
  <datafield tag="852" ind1=" " ind2=" ">
   <subfield code="a">INST</subfield>
   <subfield code="b">UNIPILB</subfield>
   <subfield code="c">SERIALS</subfield>
   <subfield code="e">20140521</subfield>
   <subfield code="h">Αλφαβητική σειρά</subfield>
   <subfield code="p">83214</subfield>
   <subfield code="q">83214</subfield>
   <subfield code="t">NOLOAN</subfield>
   <subfield code="v">vol.75;no.5:(Μήνας)May;(Έτος)2014</subfield>
   <subfield code="y">23</subfield>
  </datafield>
  <datafield tag="852" ind1=" " ind2=" ">
   <subfield code="a">INST</subfield>
   <subfield code="b">UNIPILB</subfield>
   <subfield code="c">SERIALS</subfield>
   <subfield code="e">20140714</subfield>
   <subfield code="h">Αλφαβητική σειρά</subfield>
   <subfield code="p">84303</subfield>
   <subfield code="q">84303</subfield>
   <subfield code="t">NOLOAN</subfield>
   <subfield code="v">vol.75;no.6:(Μήνας)June;(Έτος)2014</subfield>
   <subfield code="y">23</subfield>
  </datafield>
  <datafield tag="852" ind1=" " ind2=" ">
   <subfield code="a">INST</subfield>
   <subfield code="b">UNIPILB</subfield>
   <subfield code="c">SERIALS</subfield>
   <subfield code="e">20140910</subfield>
   <subfield code="h">Αλφαβητική σειρά</subfield>
   <subfield code="p">84964</subfield>
   <subfield code="q">84964</subfield>
   <subfield code="t">NOLOAN</subfield>
   <subfield code="v">vol.75;no.7:(Μήνες)Jul./Aug.;(Έτος)2014</subfield>
   <subfield code="y">23</subfield>
  </datafield>
  <datafield tag="852" ind1=" " ind2=" ">
   <subfield code="a">INST</subfield>
   <subfield code="b">UNIPILB</subfield>
   <subfield code="c">SERIALS</subfield>
   <subfield code="e">20141111</subfield>
   <subfield code="h">Αλφαβητική σειρά</subfield>
   <subfield code="p">85315</subfield>
   <subfield code="q">85315</subfield>
   <subfield code="t">NOLOAN</subfield>
   <subfield code="v">vol.75;no.8:(Μήνας)September;(Έτος)2014</subfield>
   <subfield code="y">23</subfield>
  </datafield>
  <datafield tag="852" ind1=" " ind2=" ">
   <subfield code="a">INST</subfield>
   <subfield code="b">UNIPILB</subfield>
   <subfield code="c">SERIALS</subfield>
   <subfield code="e">20141118</subfield>
   <subfield code="h">Αλφαβητική σειρά</subfield>
   <subfield code="p">85399</subfield>
   <subfield code="q">85399</subfield>
   <subfield code="t">NOLOAN</subfield>
   <subfield code="v">vol.75;no.9:(Μήνας)October;(Έτος)2014</subfield>
   <subfield code="y">23</subfield>
  </datafield>
  <datafield tag="852" ind1=" " ind2=" ">
   <subfield code="a">INST</subfield>
   <subfield code="b">UNIPILB</subfield>
   <subfield code="c">SERIALS</subfield>
   <subfield code="e">20141216</subfield>
   <subfield code="h">Αλφαβητική σειρά</subfield>
   <subfield code="p">85484</subfield>
   <subfield code="q">85484</subfield>
   <subfield code="t">NOLOAN</subfield>
   <subfield code="v">vol.75;no.10:(Μήνας)November;(Έτος)2014</subfield>
   <subfield code="y">23</subfield>
  </datafield>
  <datafield tag="852" ind1=" " ind2=" ">
   <subfield code="a">INST</subfield>
   <subfield code="b">UNIPILB</subfield>
   <subfield code="c">SERIALS</subfield>
   <subfield code="e">20150112</subfield>
   <subfield code="h">Αλφαβητική σειρά</subfield>
   <subfield code="p">85521</subfield>
   <subfield code="q">85521</subfield>
   <subfield code="t">NOLOAN</subfield>
   <subfield code="v">vol.75;no.11:(Μήνας)December;(Έτος)2014</subfield>
   <subfield code="y">23</subfield>
  </datafield>
  <datafield tag="852" ind1=" " ind2=" ">
   <subfield code="a">INST</subfield>
   <subfield code="b">UNIPILB</subfield>
   <subfield code="c">SERIALS</subfield>
   <subfield code="e">20150220</subfield>
   <subfield code="h">Αλφαβητική σειρά</subfield>
   <subfield code="p">85859</subfield>
   <subfield code="q">85859</subfield>
   <subfield code="t">NOLOAN</subfield>
   <subfield code="v">vol.76;no.1:(Μήνας)January;(Έτος)2015</subfield>
   <subfield code="y">23</subfield>
  </datafield>
  <datafield tag="852" ind1=" " ind2=" ">
   <subfield code="a">INST</subfield>
   <subfield code="b">UNIPILB</subfield>
   <subfield code="c">SERIALS</subfield>
   <subfield code="e">20150423</subfield>
   <subfield code="h">Αλφαβητική σειρά</subfield>
   <subfield code="p">86281</subfield>
   <subfield code="q">86281</subfield>
   <subfield code="t">NOLOAN</subfield>
   <subfield code="v">vol.76;no.2:(Μήνας)February;(Έτος)2015</subfield>
   <subfield code="y">23</subfield>
  </datafield>
  <datafield tag="852" ind1=" " ind2=" ">
   <subfield code="a">INST</subfield>
   <subfield code="b">UNIPILB</subfield>
   <subfield code="c">SERIALS</subfield>
   <subfield code="e">20150423</subfield>
   <subfield code="h">Αλφαβητική σειρά</subfield>
   <subfield code="p">86282</subfield>
   <subfield code="q">86282</subfield>
   <subfield code="t">NOLOAN</subfield>
   <subfield code="v">vol.76;no.3:(Μήνας)March;(Έτος)2015</subfield>
   <subfield code="y">23</subfield>
  </datafield>
  <datafield tag="852" ind1=" " ind2=" ">
   <subfield code="a">INST</subfield>
   <subfield code="b">UNIPILB</subfield>
   <subfield code="c">SERIALS</subfield>
   <subfield code="e">20151111</subfield>
   <subfield code="h">Αλφαβητική σειρά</subfield>
   <subfield code="p">87079</subfield>
   <subfield code="q">87079</subfield>
   <subfield code="t">NOLOAN</subfield>
   <subfield code="v">vol.76;no.8:(Μήνας)August;(Έτος)2015</subfield>
   <subfield code="y">23</subfield>
  </datafield>
  <datafield tag="852" ind1=" " ind2=" ">
   <subfield code="a">INST</subfield>
   <subfield code="b">UNIPILB</subfield>
   <subfield code="c">SERIALS</subfield>
   <subfield code="e">20151111</subfield>
   <subfield code="h">Αλφαβητική σειρά</subfield>
   <subfield code="p">87080</subfield>
   <subfield code="q">87080</subfield>
   <subfield code="t">NOLOAN</subfield>
   <subfield code="v">vol.76;no.9:(Μήνας)September;(Έτος)2015</subfield>
   <subfield code="y">23</subfield>
  </datafield>
  <datafield tag="852" ind1=" " ind2=" ">
   <subfield code="a">INST</subfield>
   <subfield code="b">UNIPILB</subfield>
   <subfield code="c">SERIALS</subfield>
   <subfield code="e">20160108</subfield>
   <subfield code="h">Αλφαβητική σειρά</subfield>
   <subfield code="p">87148</subfield>
   <subfield code="q">87148</subfield>
   <subfield code="t">NOLOAN</subfield>
   <subfield code="v">vol.76;no.10:(Μήνας)November;(Έτος)2015</subfield>
   <subfield code="y">23</subfield>
  </datafield>
  <datafield tag="852" ind1=" " ind2=" ">
   <subfield code="a">INST</subfield>
   <subfield code="b">UNIPILB</subfield>
   <subfield code="c">SERIALS</subfield>
   <subfield code="e">20160111</subfield>
   <subfield code="h">Αλφαβητική σειρά</subfield>
   <subfield code="p">87151</subfield>
   <subfield code="q">87151</subfield>
   <subfield code="t">NOLOAN</subfield>
   <subfield code="v">vol.76;no.11:(Μήνας)December;(Έτος)2015</subfield>
   <subfield code="y">23</subfield>
  </datafield>
  <datafield tag="852" ind1=" " ind2=" ">
   <subfield code="a">INST</subfield>
   <subfield code="b">UNIPILB</subfield>
   <subfield code="c">SERIALS</subfield>
   <subfield code="e">20180907</subfield>
   <subfield code="h">Αλφαβητική σειρά</subfield>
   <subfield code="p">92564</subfield>
   <subfield code="q">92564</subfield>
   <subfield code="t">NOLOAN</subfield>
   <subfield code="v">vol.76;no.12:(Μήνας)December;(Έτος)2015</subfield>
   <subfield code="y">23</subfield>
  </datafield>
  <datafield tag="852" ind1=" " ind2=" ">
   <subfield code="a">INST</subfield>
   <subfield code="b">UNIPILB</subfield>
   <subfield code="c">SERIALS</subfield>
   <subfield code="e">20180907</subfield>
   <subfield code="h">Αλφαβητική σειρά</subfield>
   <subfield code="p">92565</subfield>
   <subfield code="q">92565</subfield>
   <subfield code="t">NOLOAN</subfield>
   <subfield code="v">vol.77;no.1:(Μήνας)January;(Έτος)2016</subfield>
   <subfield code="y">23</subfield>
  </datafield>
  <datafield tag="852" ind1=" " ind2=" ">
   <subfield code="a">INST</subfield>
   <subfield code="b">UNIPILB</subfield>
   <subfield code="c">SERIALS</subfield>
   <subfield code="e">20180907</subfield>
   <subfield code="h">Αλφαβητική σειρά</subfield>
   <subfield code="p">92566</subfield>
   <subfield code="q">92566</subfield>
   <subfield code="t">NOLOAN</subfield>
   <subfield code="v">vol.77;no.3:(Μήνας)March;(Έτος)2016</subfield>
   <subfield code="y">23</subfield>
  </datafield>
  <datafield tag="852" ind1=" " ind2=" ">
   <subfield code="a">INST</subfield>
   <subfield code="b">UNIPILB</subfield>
   <subfield code="c">SERIALS</subfield>
   <subfield code="e">20180907</subfield>
   <subfield code="h">Αλφαβητική σειρά</subfield>
   <subfield code="p">92567</subfield>
   <subfield code="q">92567</subfield>
   <subfield code="t">NOLOAN</subfield>
   <subfield code="v">vol.77;no.4:(Μήνας)April;(Έτος)2016</subfield>
   <subfield code="y">23</subfield>
  </datafield>
  <datafield tag="852" ind1=" " ind2=" ">
   <subfield code="a">INST</subfield>
   <subfield code="b">UNIPILB</subfield>
   <subfield code="c">SERIALS</subfield>
   <subfield code="e">20180907</subfield>
   <subfield code="h">Αλφαβητική σειρά</subfield>
   <subfield code="p">92568</subfield>
   <subfield code="q">92568</subfield>
   <subfield code="t">NOLOAN</subfield>
   <subfield code="v">vol.72;no.1:(Μήνας)January;(Έτος)2011</subfield>
   <subfield code="y">23</subfield>
  </datafield>
  <datafield tag="852" ind1=" " ind2=" ">
   <subfield code="a">INST</subfield>
   <subfield code="b">UNIPILB</subfield>
   <subfield code="c">SERIALS</subfield>
   <subfield code="e">20180907</subfield>
   <subfield code="h">Αλφαβητική σειρά</subfield>
   <subfield code="p">92569</subfield>
   <subfield code="q">92569</subfield>
   <subfield code="t">NOLOAN</subfield>
   <subfield code="v">vol.77;no.5:(Μήνας)May;(Έτος)2016</subfield>
   <subfield code="y">23</subfield>
  </datafield>
  <datafield tag="852" ind1=" " ind2=" ">
   <subfield code="a">INST</subfield>
   <subfield code="b">UNIPILB</subfield>
   <subfield code="c">SERIALS</subfield>
   <subfield code="e">20180907</subfield>
   <subfield code="h">Αλφαβητική σειρά</subfield>
   <subfield code="p">92570</subfield>
   <subfield code="q">92570</subfield>
   <subfield code="t">NOLOAN</subfield>
   <subfield code="v">vol.77;no.7:(Μήνας)July;(Έτος)2016</subfield>
   <subfield code="y">23</subfield>
  </datafield>
  <datafield tag="852" ind1=" " ind2=" ">
   <subfield code="a">INST</subfield>
   <subfield code="b">UNIPILB</subfield>
   <subfield code="c">SERIALS</subfield>
   <subfield code="e">20180907</subfield>
   <subfield code="h">Αλφαβητική σειρά</subfield>
   <subfield code="p">92571</subfield>
   <subfield code="q">92571</subfield>
   <subfield code="t">NOLOAN</subfield>
   <subfield code="v">vol.77;no.8:(Μήνας)August;(Έτος)2016</subfield>
   <subfield code="y">23</subfield>
  </datafield>
  <datafield tag="852" ind1=" " ind2=" ">
   <subfield code="a">INST</subfield>
   <subfield code="b">UNIPILB</subfield>
   <subfield code="c">SERIALS</subfield>
   <subfield code="e">20180907</subfield>
   <subfield code="h">Αλφαβητική σειρά</subfield>
   <subfield code="p">92572</subfield>
   <subfield code="q">92572</subfield>
   <subfield code="t">NOLOAN</subfield>
   <subfield code="v">vol.77;no.9:(Μήνας)September;(Έτος)2016</subfield>
   <subfield code="y">23</subfield>
  </datafield>
  <datafield tag="852" ind1=" " ind2=" ">
   <subfield code="a">INST</subfield>
   <subfield code="b">UNIPILB</subfield>
   <subfield code="c">SERIALS</subfield>
   <subfield code="e">20180907</subfield>
   <subfield code="h">Αλφαβητική σειρά</subfield>
   <subfield code="p">92573</subfield>
   <subfield code="q">92573</subfield>
   <subfield code="t">NOLOAN</subfield>
   <subfield code="v">vol.77;no.10:(Μήνας)October;(Έτος)2016</subfield>
   <subfield code="y">23</subfield>
  </datafield>
  <datafield tag="852" ind1=" " ind2=" ">
   <subfield code="a">INST</subfield>
   <subfield code="b">UNIPILB</subfield>
   <subfield code="c">SERIALS</subfield>
   <subfield code="e">20180907</subfield>
   <subfield code="h">Αλφαβητική σειρά</subfield>
   <subfield code="p">92574</subfield>
   <subfield code="q">92574</subfield>
   <subfield code="t">NOLOAN</subfield>
   <subfield code="v">vol.77;no.11:(Μήνας)November;(Έτος)2016</subfield>
   <subfield code="y">23</subfield>
  </datafield>
  <datafield tag="852" ind1=" " ind2=" ">
   <subfield code="a">INST</subfield>
   <subfield code="b">UNIPILB</subfield>
   <subfield code="c">SERIALS</subfield>
   <subfield code="e">20180907</subfield>
   <subfield code="h">Αλφαβητική σειρά</subfield>
   <subfield code="p">92575</subfield>
   <subfield code="q">92575</subfield>
   <subfield code="t">NOLOAN</subfield>
   <subfield code="v">vol.77;no.12:(Μήνας)December;(Έτος)2016</subfield>
   <subfield code="y">23</subfield>
  </datafield>
  <datafield tag="852" ind1=" " ind2=" ">
   <subfield code="a">INST</subfield>
   <subfield code="b">UNIPILB</subfield>
   <subfield code="c">SERIALS</subfield>
   <subfield code="e">20180907</subfield>
   <subfield code="h">Αλφαβητική σειρά</subfield>
   <subfield code="p">92576</subfield>
   <subfield code="q">92576</subfield>
   <subfield code="t">NOLOAN</subfield>
   <subfield code="v">vol.78;no.1:(Μήνας)January;(Έτος)2017</subfield>
   <subfield code="y">23</subfield>
  </datafield>
  <datafield tag="852" ind1=" " ind2=" ">
   <subfield code="a">INST</subfield>
   <subfield code="b">UNIPILB</subfield>
   <subfield code="c">SERIALS</subfield>
   <subfield code="e">20180907</subfield>
   <subfield code="h">Αλφαβητική σειρά</subfield>
   <subfield code="p">92577</subfield>
   <subfield code="q">92577</subfield>
   <subfield code="t">NOLOAN</subfield>
   <subfield code="v">vol.78;no.2:(Μήνας)February;(Έτος)2017</subfield>
   <subfield code="y">23</subfield>
  </datafield>
  <datafield tag="852" ind1=" " ind2=" ">
   <subfield code="a">INST</subfield>
   <subfield code="b">UNIPILB</subfield>
   <subfield code="c">SERIALS</subfield>
   <subfield code="e">20180907</subfield>
   <subfield code="h">Αλφαβητική σειρά</subfield>
   <subfield code="p">92578</subfield>
   <subfield code="q">92578</subfield>
   <subfield code="t">NOLOAN</subfield>
   <subfield code="v">vol.78;no.3:(Μήνας)March;(Έτος)2017</subfield>
   <subfield code="y">23</subfield>
  </datafield>
  <datafield tag="852" ind1=" " ind2=" ">
   <subfield code="a">INST</subfield>
   <subfield code="b">UNIPILB</subfield>
   <subfield code="c">SERIALS</subfield>
   <subfield code="e">20180907</subfield>
   <subfield code="h">Αλφαβητική σειρά</subfield>
   <subfield code="p">92579</subfield>
   <subfield code="q">92579</subfield>
   <subfield code="t">NOLOAN</subfield>
   <subfield code="v">vol.78;no.4:(Μήνας)April;(Έτος)2017</subfield>
   <subfield code="y">23</subfield>
  </datafield>
  <datafield tag="852" ind1=" " ind2=" ">
   <subfield code="a">INST</subfield>
   <subfield code="b">UNIPILB</subfield>
   <subfield code="c">SERIALS</subfield>
   <subfield code="e">20180907</subfield>
   <subfield code="h">Αλφαβητική σειρά</subfield>
   <subfield code="p">92580</subfield>
   <subfield code="q">92580</subfield>
   <subfield code="t">NOLOAN</subfield>
   <subfield code="v">vol.78;no.5:(Μήνας)May;(Έτος)2017</subfield>
   <subfield code="y">23</subfield>
  </datafield>
  <datafield tag="852" ind1=" " ind2=" ">
   <subfield code="a">INST</subfield>
   <subfield code="b">UNIPILB</subfield>
   <subfield code="c">SERIALS</subfield>
   <subfield code="e">20180907</subfield>
   <subfield code="h">Αλφαβητική σειρά</subfield>
   <subfield code="p">92581</subfield>
   <subfield code="q">92581</subfield>
   <subfield code="t">NOLOAN</subfield>
   <subfield code="v">vol.78;no.6:(Μήνας)June;(Έτος)2017</subfield>
   <subfield code="y">23</subfield>
  </datafield>
  <datafield tag="852" ind1=" " ind2=" ">
   <subfield code="a">INST</subfield>
   <subfield code="b">UNIPILB</subfield>
   <subfield code="c">SERIALS</subfield>
   <subfield code="e">20180907</subfield>
   <subfield code="h">Αλφαβητική σειρά</subfield>
   <subfield code="p">92582</subfield>
   <subfield code="q">92582</subfield>
   <subfield code="t">NOLOAN</subfield>
   <subfield code="v">vol.78;no.7:(Μήνας)July;(Έτος)2017</subfield>
   <subfield code="y">23</subfield>
  </datafield>
  <datafield tag="852" ind1=" " ind2=" ">
   <subfield code="a">INST</subfield>
   <subfield code="b">UNIPILB</subfield>
   <subfield code="c">SERIALS</subfield>
   <subfield code="e">20180907</subfield>
   <subfield code="h">Αλφαβητική σειρά</subfield>
   <subfield code="p">92583</subfield>
   <subfield code="q">92583</subfield>
   <subfield code="t">NOLOAN</subfield>
   <subfield code="v">vol.78;no.8:(Μήνας)August;(Έτος)2017</subfield>
   <subfield code="y">23</subfield>
  </datafield>
  <datafield tag="852" ind1=" " ind2=" ">
   <subfield code="a">INST</subfield>
   <subfield code="b">UNIPILB</subfield>
   <subfield code="c">SERIALS</subfield>
   <subfield code="e">20180907</subfield>
   <subfield code="h">Αλφαβητική σειρά</subfield>
   <subfield code="p">92584</subfield>
   <subfield code="q">92584</subfield>
   <subfield code="t">NOLOAN</subfield>
   <subfield code="v">vol.78;no.9:(Μήνας)September;(Έτος)2017</subfield>
   <subfield code="y">23</subfield>
  </datafield>
  <datafield tag="852" ind1=" " ind2=" ">
   <subfield code="a">INST</subfield>
   <subfield code="b">UNIPILB</subfield>
   <subfield code="c">SERIALS</subfield>
   <subfield code="e">20180907</subfield>
   <subfield code="h">Αλφαβητική σειρά</subfield>
   <subfield code="p">92585</subfield>
   <subfield code="q">92585</subfield>
   <subfield code="t">NOLOAN</subfield>
   <subfield code="v">vol.78;no.10:(Μήνας)October;(Έτος)2017</subfield>
   <subfield code="y">23</subfield>
  </datafield>
  <datafield tag="852" ind1=" " ind2=" ">
   <subfield code="a">INST</subfield>
   <subfield code="b">UNIPILB</subfield>
   <subfield code="c">SERIALS</subfield>
   <subfield code="e">20180907</subfield>
   <subfield code="h">Αλφαβητική σειρά</subfield>
   <subfield code="p">92586</subfield>
   <subfield code="q">92586</subfield>
   <subfield code="t">NOLOAN</subfield>
   <subfield code="v">vol.78;no.11:(Μήνας)November;(Έτος)2017</subfield>
   <subfield code="y">23</subfield>
  </datafield>
  <datafield tag="852" ind1=" " ind2=" ">
   <subfield code="a">INST</subfield>
   <subfield code="b">UNIPILB</subfield>
   <subfield code="c">SERIALS</subfield>
   <subfield code="e">20180907</subfield>
   <subfield code="h">Αλφαβητική σειρά</subfield>
   <subfield code="p">92587</subfield>
   <subfield code="q">92587</subfield>
   <subfield code="t">NOLOAN</subfield>
   <subfield code="v">vol.78;no.12:(Μήνας)December;(Έτος)2017</subfield>
   <subfield code="y">23</subfield>
  </datafield>
  <datafield tag="852" ind1=" " ind2=" ">
   <subfield code="a">INST</subfield>
   <subfield code="b">UNIPILB</subfield>
   <subfield code="c">SERIALS</subfield>
   <subfield code="e">20180907</subfield>
   <subfield code="h">Αλφαβητική σειρά</subfield>
   <subfield code="p">92588</subfield>
   <subfield code="q">92588</subfield>
   <subfield code="t">NOLOAN</subfield>
   <subfield code="v">vol.79;no.1:(Μήνας)January;(Έτος)2018</subfield>
   <subfield code="y">23</subfield>
  </datafield>
  <datafield tag="852" ind1=" " ind2=" ">
   <subfield code="a">INST</subfield>
   <subfield code="b">UNIPILB</subfield>
   <subfield code="c">SERIALS</subfield>
   <subfield code="e">20180907</subfield>
   <subfield code="h">Αλφαβητική σειρά</subfield>
   <subfield code="p">92589</subfield>
   <subfield code="q">92589</subfield>
   <subfield code="t">NOLOAN</subfield>
   <subfield code="v">vol.79;no.2:(Μήνας)February;(Έτος)2018</subfield>
   <subfield code="y">23</subfield>
  </datafield>
  <datafield tag="852" ind1=" " ind2=" ">
   <subfield code="a">INST</subfield>
   <subfield code="b">UNIPILB</subfield>
   <subfield code="c">SERIALS</subfield>
   <subfield code="e">20180907</subfield>
   <subfield code="h">Αλφαβητική σειρά</subfield>
   <subfield code="p">92590</subfield>
   <subfield code="q">92590</subfield>
   <subfield code="t">NOLOAN</subfield>
   <subfield code="v">vol.79;no.3:(Μήνας)March;(Έτος)2018</subfield>
   <subfield code="y">23</subfield>
  </datafield>
  <datafield tag="852" ind1=" " ind2=" ">
   <subfield code="a">INST</subfield>
   <subfield code="b">UNIPILB</subfield>
   <subfield code="c">SERIALS</subfield>
   <subfield code="e">20180907</subfield>
   <subfield code="h">Αλφαβητική σειρά</subfield>
   <subfield code="p">92591</subfield>
   <subfield code="q">92591</subfield>
   <subfield code="t">NOLOAN</subfield>
   <subfield code="v">vol.79;no.4:(Μήνας)April;(Έτος)2018</subfield>
   <subfield code="y">23</subfield>
  </datafield>
  <datafield tag="852" ind1=" " ind2=" ">
   <subfield code="a">INST</subfield>
   <subfield code="b">UNIPILB</subfield>
   <subfield code="c">SERIALS</subfield>
   <subfield code="e">20180907</subfield>
   <subfield code="h">Αλφαβητική σειρά</subfield>
   <subfield code="p">92592</subfield>
   <subfield code="q">92592</subfield>
   <subfield code="t">NOLOAN</subfield>
   <subfield code="v">vol.79;no.5:(Μήνας)May;(Έτος)2018</subfield>
   <subfield code="y">23</subfield>
  </datafield>
  <datafield tag="852" ind1=" " ind2=" ">
   <subfield code="a">INST</subfield>
   <subfield code="b">UNIPILB</subfield>
   <subfield code="c">SERIALS</subfield>
   <subfield code="e">20180907</subfield>
   <subfield code="h">Αλφαβητική σειρά</subfield>
   <subfield code="p">92593</subfield>
   <subfield code="q">92593</subfield>
   <subfield code="t">NOLOAN</subfield>
   <subfield code="v">vol.79;no.6:(Μήνας)June;(Έτος)2018</subfield>
   <subfield code="y">23</subfield>
  </datafield>
  <datafield tag="856" ind1="4" ind2="1">
   <subfield code="u">http://crln.acrl.org/content/by/year</subfield>
  </datafield>
  <datafield tag="900" ind1=" " ind2=" ">
   <subfield code="a">Vol. 80 no. 4 (April 2019)</subfield>
   <subfield code="b">Αν/μενοISS</subfield>
   <subfield code="c">22/04/2020</subfield>
  </datafield>
  <datafield tag="900" ind1=" " ind2=" ">
   <subfield code="a">Vol. 72 no. 2 (February 2011)</subfield>
   <subfield code="b">Αν/μενοISS</subfield>
   <subfield code="c">01/02/2011</subfield>
  </datafield>
  <datafield tag="900" ind1=" " ind2=" ">
   <subfield code="a">Vol. 72 no. 3 (March 2011)</subfield>
   <subfield code="b">Αν/μενοISS</subfield>
   <subfield code="c">01/03/2011</subfield>
  </datafield>
  <datafield tag="900" ind1=" " ind2=" ">
   <subfield code="a">Vol. 72 no. 4 (April 2011)</subfield>
   <subfield code="b">Αν/μενοISS</subfield>
   <subfield code="c">01/04/2011</subfield>
  </datafield>
  <datafield tag="900" ind1=" " ind2=" ">
   <subfield code="a">Vol. 72 no. 5 (May 2011)</subfield>
   <subfield code="b">Αν/μενοISS</subfield>
   <subfield code="c">01/05/2011</subfield>
  </datafield>
  <datafield tag="900" ind1=" " ind2=" ">
   <subfield code="a">Vol. 72 no. 6 (June 2011)</subfield>
   <subfield code="b">Αν/μενοISS</subfield>
   <subfield code="c">01/06/2011</subfield>
  </datafield>
  <datafield tag="900" ind1=" " ind2=" ">
   <subfield code="a">Vol. 72 no. 7 (July 2011)</subfield>
   <subfield code="b">Αν/μενοISS</subfield>
   <subfield code="c">01/07/2011</subfield>
  </datafield>
  <datafield tag="900" ind1=" " ind2=" ">
   <subfield code="a">Vol. 73 no. 9 (October 2012)</subfield>
   <subfield code="b">Αν/μενοISS</subfield>
   <subfield code="c">17/09/2013</subfield>
  </datafield>
  <datafield tag="900" ind1=" " ind2=" ">
   <subfield code="a">Vol. 73 no. 10 (November 2012)</subfield>
   <subfield code="b">Αν/μενοISS</subfield>
   <subfield code="c">18/10/2013</subfield>
  </datafield>
  <datafield tag="900" ind1=" " ind2=" ">
   <subfield code="a">Vol. 74 no. 12 (January 2014)</subfield>
   <subfield code="b">Αν/μενοISS</subfield>
   <subfield code="c">18/07/2014</subfield>
  </datafield>
  <datafield tag="900" ind1=" " ind2=" ">
   <subfield code="a">Vol. 76 no. 4 (April 2015)</subfield>
   <subfield code="b">Αν/μενοISS</subfield>
   <subfield code="c">09/08/2015</subfield>
  </datafield>
  <datafield tag="900" ind1=" " ind2=" ">
   <subfield code="a">Vol. 76 no. 5 (May 2015)</subfield>
   <subfield code="b">Αν/μενοISS</subfield>
   <subfield code="c">02/09/2015</subfield>
  </datafield>
  <datafield tag="900" ind1=" " ind2=" ">
   <subfield code="a">Vol. 76 no. 6 (June 2015)</subfield>
   <subfield code="b">Αν/μενοISS</subfield>
   <subfield code="c">03/10/2015</subfield>
  </datafield>
  <datafield tag="900" ind1=" " ind2=" ">
   <subfield code="a">Vol. 76 no. 7 (July 2015)</subfield>
   <subfield code="b">Αν/μενοISS</subfield>
   <subfield code="c">02/11/2015</subfield>
  </datafield>
  <datafield tag="900" ind1=" " ind2=" ">
   <subfield code="a">Vol. 77 no. 2 (February 2016)</subfield>
   <subfield code="b">Αν/μενοISS</subfield>
   <subfield code="c">09/07/2016</subfield>
  </datafield>
  <datafield tag="900" ind1=" " ind2=" ">
   <subfield code="a">Vol. 77 no. 6 (June 2016)</subfield>
   <subfield code="b">Αν/μενοISS</subfield>
   <subfield code="c">20/02/2017</subfield>
  </datafield>
  <datafield tag="900" ind1=" " ind2=" ">
   <subfield code="a">Vol. 79 no. 7 (July 2018)</subfield>
   <subfield code="b">Αν/μενοISS</subfield>
   <subfield code="c">13/08/2019</subfield>
  </datafield>
  <datafield tag="900" ind1=" " ind2=" ">
   <subfield code="a">Vol. 79 no. 8 (August 2018)</subfield>
   <subfield code="b">Αν/μενοISS</subfield>
   <subfield code="c">23/08/2019</subfield>
  </datafield>
  <datafield tag="900" ind1=" " ind2=" ">
   <subfield code="a">Vol. 79 no. 9 (September 2018)</subfield>
   <subfield code="b">Αν/μενοISS</subfield>
   <subfield code="c">23/09/2019</subfield>
  </datafield>
  <datafield tag="900" ind1=" " ind2=" ">
   <subfield code="a">Vol. 79 no. 10 (October 2018)</subfield>
   <subfield code="b">Αν/μενοISS</subfield>
   <subfield code="c">23/10/2019</subfield>
  </datafield>
  <datafield tag="900" ind1=" " ind2=" ">
   <subfield code="a">Vol. 79 no. 11 (November 2018)</subfield>
   <subfield code="b">Αν/μενοISS</subfield>
   <subfield code="c">23/11/2019</subfield>
  </datafield>
  <datafield tag="900" ind1=" " ind2=" ">
   <subfield code="a">Vol. 79 no. 12 (December 2018)</subfield>
   <subfield code="b">Αν/μενοISS</subfield>
   <subfield code="c">23/12/2019</subfield>
  </datafield>
  <datafield tag="900" ind1=" " ind2=" ">
   <subfield code="a">Vol. 80 no. 1 (January 2019)</subfield>
   <subfield code="b">Αν/μενοISS</subfield>
   <subfield code="c">23/01/2020</subfield>
  </datafield>
  <datafield tag="900" ind1=" " ind2=" ">
   <subfield code="a">Vol. 80 no. 2 (February 2019)</subfield>
   <subfield code="b">Αν/μενοISS</subfield>
   <subfield code="c">23/02/2020</subfield>
  </datafield>
  <datafield tag="900" ind1=" " ind2=" ">
   <subfield code="a">Vol. 80 no. 3 (March 2019)</subfield>
   <subfield code="b">Αν/μενοISS</subfield>
   <subfield code="c">22/03/2020</subfield>
  </datafield>
  <datafield tag="950" ind1=" " ind2=" ">
   <subfield code="a">01/01/2011</subfield>
   <subfield code="c">ΔΩΡΕΑ ΠΕΡΙΟΔΙΚΩΝ</subfield>
   <subfield code="d">903</subfield>
  </datafield>
  <datafield tag="951" ind1=" " ind2=" ">
   <subfield code="a">Vol.81 No.8 (September 2020)</subfield>
   <subfield code="b">Main run</subfield>
  </datafield>
  <datafield tag="951" ind1=" " ind2=" ">
   <subfield code="a">Vol. 72 no. 1 (January 2011)</subfield>
   <subfield code="b">Main run</subfield>
  </datafield>
  <datafield tag="951" ind1=" " ind2=" ">
   <subfield code="a">Vol. 72 no. 8 (September 2011) -  Vol. 72 no. 11 (December 2011)</subfield>
   <subfield code="b">Main run</subfield>
  </datafield>
  <datafield tag="951" ind1=" " ind2=" ">
   <subfield code="a">Vol. 73 no. 1 (January 2012) -  Vol. 73 no. 6 (June 2012)</subfield>
   <subfield code="b">Main run</subfield>
  </datafield>
  <datafield tag="951" ind1=" " ind2=" ">
   <subfield code="a">Vol. 73 no. 7   (Jul./Aug. 2012)</subfield>
   <subfield code="b">Main run</subfield>
  </datafield>
  <datafield tag="951" ind1=" " ind2=" ">
   <subfield code="a">Vol. 73 no. 8 (September 2012)</subfield>
   <subfield code="b">Main run</subfield>
  </datafield>
  <datafield tag="951" ind1=" " ind2=" ">
   <subfield code="a">Vol. 73 no. 11 (December 2012)</subfield>
   <subfield code="b">Main run</subfield>
  </datafield>
  <datafield tag="951" ind1=" " ind2=" ">
   <subfield code="a">Vol. 74 no. 1 (January 2013) -  Vol. 74 no. 11 (December 2013)</subfield>
   <subfield code="b">Main run</subfield>
  </datafield>
  <datafield tag="951" ind1=" " ind2=" ">
   <subfield code="a">Vol. 75 no. 1   (January 2014)</subfield>
   <subfield code="b">Main run</subfield>
  </datafield>
  <datafield tag="951" ind1=" " ind2=" ">
   <subfield code="a">Vol. 75 no. 2   (February 2014)</subfield>
   <subfield code="b">Main run</subfield>
  </datafield>
  <datafield tag="951" ind1=" " ind2=" ">
   <subfield code="a">Vol. 75 no. 3 (April 2014) -  Vol. 75 no. 6 (June 2014)</subfield>
   <subfield code="b">Main run</subfield>
  </datafield>
  <datafield tag="951" ind1=" " ind2=" ">
   <subfield code="a">Vol. 75 no. 7   (Jul./Aug. 2014)</subfield>
   <subfield code="b">Main run</subfield>
  </datafield>
  <datafield tag="951" ind1=" " ind2=" ">
   <subfield code="a">Vol. 75 no. 8   (September 2014)</subfield>
   <subfield code="b">Main run</subfield>
  </datafield>
  <datafield tag="951" ind1=" " ind2=" ">
   <subfield code="a">Vol. 75 no. 9 (October 2014) -  Vol. 75 no. 11 (December 2014)</subfield>
   <subfield code="b">Main run</subfield>
  </datafield>
  <datafield tag="951" ind1=" " ind2=" ">
   <subfield code="a">Vol. 76 no. 1   (January 2015)</subfield>
   <subfield code="b">Main run</subfield>
  </datafield>
  <datafield tag="951" ind1=" " ind2=" ">
   <subfield code="a">Vol. 76 no. 2 (February 2015) -  Vol. 76 no. 3 (March 2015)</subfield>
   <subfield code="b">Main run</subfield>
  </datafield>
  <datafield tag="951" ind1=" " ind2=" ">
   <subfield code="a">Vol. 76 no. 8 (August 2015) -  Vol. 76 no. 9 (September 2015)</subfield>
   <subfield code="b">Main run</subfield>
  </datafield>
  <datafield tag="951" ind1=" " ind2=" ">
   <subfield code="a">Vol. 76 no. 10   (November 2015)</subfield>
   <subfield code="b">Main run</subfield>
  </datafield>
  <datafield tag="951" ind1=" " ind2=" ">
   <subfield code="a">Vol. 76 no. 11   (December 2015)</subfield>
   <subfield code="b">Main run</subfield>
  </datafield>
  <datafield tag="951" ind1=" " ind2=" ">
   <subfield code="a">Vol. 77 no. 9 (October 2016)</subfield>
   <subfield code="b">Main run</subfield>
  </datafield>
  <datafield tag="951" ind1=" " ind2=" ">
   <subfield code="a">Vol. 77 no. 10 (November 2016)</subfield>
   <subfield code="b">Main run</subfield>
  </datafield>
  <datafield tag="951" ind1=" " ind2=" ">
   <subfield code="a">Vol. 78 no. 1 (January 2017)</subfield>
   <subfield code="b">Main run</subfield>
  </datafield>
  <datafield tag="951" ind1=" " ind2=" ">
   <subfield code="a">Vol. 78 no. 3 (March 2017)</subfield>
   <subfield code="b">Main run</subfield>
  </datafield>
  <datafield tag="951" ind1=" " ind2=" ">
   <subfield code="a">Vol. 78 no.4 (April 2017)</subfield>
   <subfield code="b">Main run</subfield>
  </datafield>
  <datafield tag="951" ind1=" " ind2=" ">
   <subfield code="a">Vol. 78 no. 5</subfield>
   <subfield code="b">Main run</subfield>
  </datafield>
  <datafield tag="951" ind1=" " ind2=" ">
   <subfield code="a">Vol. 78 no 8 (September 2017)</subfield>
   <subfield code="b">Main run</subfield>
  </datafield>
  <datafield tag="951" ind1=" " ind2=" ">
   <subfield code="a">Vol.78 no.9 (October 2017)</subfield>
   <subfield code="b">Main run</subfield>
  </datafield>
  <datafield tag="951" ind1=" " ind2=" ">
   <subfield code="a">Vol.78 No.10 (November 2017)</subfield>
   <subfield code="b">Main run</subfield>
  </datafield>
  <datafield tag="951" ind1=" " ind2=" ">
   <subfield code="a">Vol. 78 No.11(December 2017)</subfield>
   <subfield code="b">Main run</subfield>
  </datafield>
  <datafield tag="951" ind1=" " ind2=" ">
   <subfield code="a">Vol. 79 No.1 (January 2018)</subfield>
   <subfield code="b">Main run</subfield>
  </datafield>
  <datafield tag="951" ind1=" " ind2=" ">
   <subfield code="a">Vol.79 No.3 (March 2018)</subfield>
   <subfield code="b">Main run</subfield>
  </datafield>
  <datafield tag="951" ind1=" " ind2=" ">
   <subfield code="a">Vol.79 No.4 (April 2018)</subfield>
   <subfield code="b">Main run</subfield>
  </datafield>
  <datafield tag="951" ind1=" " ind2=" ">
   <subfield code="a">Vol.79 no.5 (May 2018)</subfield>
   <subfield code="b">Main run</subfield>
  </datafield>
  <datafield tag="951" ind1=" " ind2=" ">
   <subfield code="a">Vol.79 No.7 (July/August 2018)</subfield>
   <subfield code="b">Main run</subfield>
  </datafield>
  <datafield tag="951" ind1=" " ind2=" ">
   <subfield code="a">Vol. 76 no. 12 (December 2015)</subfield>
   <subfield code="b">Main run</subfield>
  </datafield>
  <datafield tag="951" ind1=" " ind2=" ">
   <subfield code="a">Vol. 77 no. 1 (January 2016)</subfield>
   <subfield code="b">Main run</subfield>
  </datafield>
  <datafield tag="951" ind1=" " ind2=" ">
   <subfield code="a">Vol. 77 no. 3 (March 2016) -  Vol. 77 no. 5 (May 2016)</subfield>
   <subfield code="b">Main run</subfield>
  </datafield>
  <datafield tag="951" ind1=" " ind2=" ">
   <subfield code="a">Vol. 77 no. 7 (July 2016) -  Vol. 77 no. 12 (December 2016)</subfield>
   <subfield code="b">Main run</subfield>
  </datafield>
  <datafield tag="951" ind1=" " ind2=" ">
   <subfield code="a">Vol. 78 no. 1 (January 2017) -  Vol. 78 no. 12 (December 2017)</subfield>
   <subfield code="b">Main run</subfield>
  </datafield>
  <datafield tag="951" ind1=" " ind2=" ">
   <subfield code="a">Vol. 79 no. 1 (January 2018) -  Vol. 79 no. 6 (June 2018)</subfield>
   <subfield code="b">Main run</subfield>
  </datafield>
  <datafield tag="951" ind1=" " ind2=" ">
   <subfield code="a">Vol.79 No. 9 (October 2018)</subfield>
   <subfield code="b">Main run</subfield>
  </datafield>
  <datafield tag="951" ind1=" " ind2=" ">
   <subfield code="a">Vol.79 No.10 (November 2018)</subfield>
   <subfield code="b">Main run</subfield>
  </datafield>
  <datafield tag="951" ind1=" " ind2=" ">
   <subfield code="a">Vol.79 No.11 (December 2018)</subfield>
   <subfield code="b">Main run</subfield>
  </datafield>
  <datafield tag="951" ind1=" " ind2=" ">
   <subfield code="a">Vol. 80 No. (January 2019)</subfield>
   <subfield code="b">Main run</subfield>
  </datafield>
  <datafield tag="951" ind1=" " ind2=" ">
   <subfield code="a">Vol. 80 No.3 (March 2019)</subfield>
   <subfield code="b">Main run</subfield>
  </datafield>
  <datafield tag="951" ind1=" " ind2=" ">
   <subfield code="a">Vol.80 No.4 (April 2019)</subfield>
   <subfield code="b">Main run</subfield>
  </datafield>
  <datafield tag="951" ind1=" " ind2=" ">
   <subfield code="a">Vol.80 No.5 (May 2019)</subfield>
   <subfield code="b">Main run</subfield>
  </datafield>
  <datafield tag="951" ind1=" " ind2=" ">
   <subfield code="a">Vol. 80 No.2 (June 2019)</subfield>
   <subfield code="b">Main run</subfield>
  </datafield>
  <datafield tag="951" ind1=" " ind2=" ">
   <subfield code="a">Vol. 80 No. 6 (June 2019)</subfield>
   <subfield code="b">Main run</subfield>
  </datafield>
  <datafield tag="951" ind1=" " ind2=" ">
   <subfield code="a">Vol. 80 No.7 (July/August 2019)</subfield>
   <subfield code="b">Main run</subfield>
  </datafield>
  <datafield tag="951" ind1=" " ind2=" ">
   <subfield code="a">Vol. 80 No. 8 (September 2019)</subfield>
   <subfield code="b">Main run</subfield>
  </datafield>
  <datafield tag="951" ind1=" " ind2=" ">
   <subfield code="a">Vol. 80 No.9 (October 2019)</subfield>
   <subfield code="b">Main run</subfield>
  </datafield>
  <datafield tag="951" ind1=" " ind2=" ">
   <subfield code="a">Vol. 80 No.10 (November 2019)</subfield>
   <subfield code="b">Main run</subfield>
  </datafield>
  <datafield tag="951" ind1=" " ind2=" ">
   <subfield code="a">Vol. 80 No.11 ( December 2019)</subfield>
   <subfield code="b">Main run</subfield>
  </datafield>
  <datafield tag="951" ind1=" " ind2=" ">
   <subfield code="a">Vol.81 No.1 (January 2020)</subfield>
   <subfield code="b">Main run</subfield>
  </datafield>
  <datafield tag="951" ind1=" " ind2=" ">
   <subfield code="a">Vol. 81 No.2 (February 2020)</subfield>
   <subfield code="b">Main run</subfield>
  </datafield>
  <datafield tag="951" ind1=" " ind2=" ">
   <subfield code="a">Vol. 81 No.3 (March 2020)</subfield>
   <subfield code="b">Main run</subfield>
  </datafield>
  <datafield tag="951" ind1=" " ind2=" ">
   <subfield code="a">Vol.81 No.4 (April 2020)</subfield>
   <subfield code="b">Main run</subfield>
  </datafield>
  <datafield tag="951" ind1=" " ind2=" ">
   <subfield code="a">Vol.81 No.5 (May 2020)</subfield>
   <subfield code="b">Main run</subfield>
  </datafield>
  <datafield tag="951" ind1=" " ind2=" ">
   <subfield code="a">Vol.81 No.6 (June 2020)</subfield>
   <subfield code="b">Main run</subfield>
  </datafield>
 </record>
</collection>
